000 00598nam a22001817a 4500
005 20251108175956.0
008 250721s2025 xx 000 0 ara d
082 1 4 _a153/كوك
100 1 _aكوكباني، بول
245 1 0 _aبوصلة المعالج :
_bارسم مسار رحلتك نحو التميز /
264 1 _aعمان :
_bدار الفكر ناشرون وموزعون،
_c2025.
300 _a344ص.
650 1 7 _aعلم النفس المعرفي
650 1 7 _aالعلاج السلوكي
650 1 7 _aالعمليات العقلية
942 _2ddc
_cBK
999 _c146837
_d146837